000 01741cam a2200337 a 4500
001 15739911
005 20170105102352.0
008 090515s2009 nyua b 001 0 eng
010 _a 2009020005
015 _aGBA958884
_2bnb
016 7 _a015291183
_2Uk
020 _a9780071622936 (alk. paper)
020 _a0071622934 (alk. paper)
035 _a(OCoLC)ocn277205742
040 _aDLC
_cDLC
_dYDX
_dBTCTA
_dYDXCP
_dUKM
_dQBX
_dDLC
050 0 0 _aTL448.E44
_bV64 2009
082 0 0 _a629.28/775
_222
082 0 0 _a629.2502
_222
100 1 _aVogel, Carl,
_d1967-
245 1 0 _aBuild your own electric motorcycle
_cCarl Vogel
260 _aNew York :
_bMcGraw-Hill,
_cc2009
300 _axviii, 359 p. :
_bill. ;
_c24 cm.
490 0 _aTAB green guru guides
504 _aIncludes bibliographical references and index.
505 0 _aWhy you need to get an electric motorcycle today! -- Electric motorcycles save the environment and energy -- History of the electric motorcycle -- Current electric motorcycles on the market -- Geometry : a basic lesson on rake, trail, and suspension -- Frame and design -- Batteries -- Electric motors -- The motor controller -- The charger and battery management system -- Accessories and converters -- Electrical system and wiring -- The build -- Sources.
650 0 _aElectric motorcycles.
650 0 _aHome-built motorcycles.
906 _a7
_bcbc
_corignew
_d1
_eecip
_f20
_gy-gencatlg
942 _2ddc
_cBK
999 _c11958
_d11958